| 000 | 00989nam a2200241 a 4500 | ||
|---|---|---|---|
| 001 | 80310 | ||
| 003 | BD-RjUL | ||
| 005 | 20230903134250.0 | ||
| 008 | 220907s2015 bg a|||| m||| 00| 0 eng d | ||
| 035 | _a(BD-RjUL)80310 | ||
| 040 |
_aBD-RjUL _beng _cBD-RjUL _dBD-RjUL |
||
| 041 | _aeng | ||
| 082 |
_223 _a613.109 _bBAE 2015 |
||
| 100 |
_aBARI, A.S.M. SHOHIDUL _94664 |
||
| 245 | 1 | 0 |
_aElemental Analysis of Some Selected Environmental Samples and Their Effect on Public Health / _cBy A.S.M.SHOHIDUL BARI ; _6Supervisor : Md. Redwanur Rahman, |
| 260 |
_aRajshahi : _bInstitute of Environmental Science, University of Rajshahi, _c2015. |
||
| 300 |
_a[3], xvi, 151 leaves : _bill.; _c29 cm. |
||
| 502 | _aThesis (Ph.D.)-- Institute of Environmental Science,University of Rajshahi,2015 | ||
| 504 | _aReferences : leaves 113-119 | ||
| 650 |
_aEnviromental Factors _xPublic Health _vHistory and Geographic treatment _94665 |
||
| 700 |
_aRahman, Md. Redwanur, Supervisor _94442 |
||
| 942 |
_2ddc _cTHE |
||
| 999 |
_c80310 _d80310 |
||